000
00314nam a2200133Ia 4500
008
220216s9999 xx 000 0 und d
245
0
_a
Full-spiral tapping
260
_b
R.R.I Planters Bulletin
_c
1940
300
_a
4-Jan
650
_a
Full-spiral tapping
650
_a
Rubber
650
_a
Tapping
942
_c
JS
999
_c
59621
_d
59621